header

Shadows from the abyss (Record no. 66464)

MARC details
000 -LEADER
fixed length control field 01042nam a2200277 a 4500
100 1# - MAIN ENTRY--AUTHOR NAME
Personal name Mbunda, Frida Menkan.
245 10 - TITLE STATEMENT
Title Shadows from the abyss
260 ## - PUBLICATION, DISTRIBUTION, ETC. (IMPRINT)
Place of publication Mankon, Bamenda :
Name of publisher Langaa Research & Pub. CIG,
Year of publication c2009.
300 ## - PHYSICAL DESCRIPTION
Number of Pages ix, 38 p.
650 #0 - SUBJECT ADDED ENTRY--TOPICAL TERM
Topical Term Cameroonian poetry (English)
856 40 - ELECTRONIC LOCATION AND ACCESS
Uniform Resource Identifier http://site.ebrary.com/lib/rucke/Doc?id=10333790

No items available.

© 2026 Rongo University
Contact us: librarian | system librarian | Rongo university